00000000cam 2200000zi 4500
0019.962742
003CaOODSP
00520260513092141
006m     o  d f      
007cr mn|||||||||
008260513s1984    onc     ob   f000 0 eng d
040 |aCaOODSP|beng|erda|cCaOODSP
043 |an-cn---
0861 |aJS4-1/1984-56E-PDF
1001 |aGagnon, Daniè€le, |eauthor.
24510|aHistory of the law for juvenile delinquents / |cDanièle Gagnon.
264 1|a[Ottawa] : |bMinistry of the Solicitor General of Canada, Secretariat, Programs Branch, |c1984.
300 |a1 online resource (v, 202 pages).
336 |atext|btxt|2rdacontent
337 |acomputer|bc|2rdamedia
338 |aonline resource|bcr|2rdacarrier
4901 |aPrograms Branch user report ; |vno. 1984-56
500 |aDigitized edition from print [produced by Public Safety Canada].
500 |aIssued also in French under title: Histoire de la loi sur les jeunes delinquants.
500 |a"This working paper was prepared under contract for the Research Division and is made available as submitted to the Ministry. The views expressed are those of the author and are not necessarily those of the Ministry of the Solicitor General of Canada."
504 |aIncludes bibliographical references (pages 200-202).
520 |a"This paper attempts to provide the reader with a historical account of our law for juvenile delinquents. This law, which has its origins in an act of 1857, has been the subject of much discussion over the years, and continues today as a focus of interest for those involved with the problems of the young"--Page iv.
650 0|aJuvenile delinquents|xLegal status, laws, etc.|zCanada.
7101 |aCanada. |bSolicitor General Canada. |bPrograms Branch, |eissuing body.
77508|tHistoire de la loi sur les jeunes delinquants / |w(CaOODSP)9.962743
830#0|aUser report (Canada. Solicitor General Canada)|vno. 1984-56.|w(CaOODSP)9.808480
85640|qPDF|s5.44 MB|uhttps://publications.gc.ca/collections/collection_2026/sp-ps/js4-1/JS4-1-1984-56-eng.pdf